| 000 | 00509nam a2200169Ia 4500 | ||
|---|---|---|---|
| 008 | 230718s9999 xx 000 0 und d | ||
| 020 | _a9781400214563 | ||
| 041 | _aeng | ||
| 082 |
_a658.4'22 _bWEB |
||
| 100 |
_aWebb N.J. _9201878 |
||
| 245 |
_aThe Innovation Mandate _bThe Growth Secrects Of The Best Organizations In The World |
||
| 260 |
_c2019 _bHarper Collins |
||
| 300 | _a207 | ||
| 365 |
_cRs. _b499.00 |
||
| 700 |
_aWebb N.J. _9201878 |
||
| 906 |
_dO:0681720-Dec-2019B:555602-Dec-2019 _cGENRL _b124.75 |
||
| 999 |
_c350718 _d350718 |
||